Child welfare : states use flexible federal funds, but struggle to meet service needs : report to congressional committees.

Bibliographic Details
Corporate Author: United States. Government Accountability Office (Author)
Format: Government Document eBook
Language:English
Published: [Washington, D.C.] : United States Government Accountability Office, 2013.
Subjects:
Online Access:https://purl.fdlp.gov/GPO/gpo35189
http://purl.fdlp.gov/GPO/gpo35189

MARC

Tag First Indicator Second Indicator Subfields
LEADER 00000cam a2200000 i 4500
001 in00003162913
005 20210312122607.0
006 m o d f
007 cr m||||||||||
008 130402s2013 dcua ob f000 0 eng c
035 |a (OCoLC)ocn834638718 
042 |a pcc 
043 |a n-us--- 
040 |a GPO  |b eng  |e rda  |c GPO  |d MvI 
049 |a WWW 
074 |a 0546-D (online) 
086 0 |a GA 1.13:GAO-13-170 
088 |a GAO-13-170 
110 1 |a United States.  |b Government Accountability Office,  |e author,  |e issuing body. 
245 1 0 |a Child welfare :  |b states use flexible federal funds, but struggle to meet service needs : report to congressional committees. 
246 3 0 |a States use flexible federal funds, but struggle to meet service needs 
264 1 |a [Washington, D.C.] :  |b United States Government Accountability Office,  |c 2013. 
300 |a 1 online resource (ii, 44 pages) :  |b color illustrations 
336 |a text  |2 rdacontent 
337 |a computer  |2 rdamedia 
338 |a online resource  |2 rdacarrier 
500 |a Title from title screen (viewed Mar. 21, 2013). 
500 |a "January 2013." 
504 |a Includes bibliographical references. 
500 |a "GAO-13-170." 
650 0 |a Child welfare  |z United States  |x States  |x Finance. 
650 0 |a Federal aid to child welfare  |z United States  |x States. 
856 4 0 |u https://purl.fdlp.gov/GPO/gpo35189  |t 0 
856 4 0 |u http://purl.fdlp.gov/GPO/gpo35189  |t 0 
999 f f |s b1e0dc0a-5488-38f9-86fd-7de8741c6f03  |i 1dcbb1e1-9e8c-3b05-a43d-1d1cac0b221b  |t 0 
952 f f |a Texas A&M University  |b College Station  |c Electronic Resources  |d Available Online  |t 0  |e GA 1.13:GAO-13-170  |h Superintendent of Documents classification 
998 f f |a GA 1.13:GAO-13-170  |t 0  |l Available Online